00409nam a2200145Ia 450000500170000000800410001704000190005804100120007708200150008910000190010424500600012326000350018365000350021885000100025320230208114941.0131103s9999 xx 000 0 und d aLoreto College aEnglish a820.9bDAI aDaiches, David 2aA critical history of english literaturecDavid Daiches aLondonbSecker & Warburgc1968 aEnglish literature - Criticism aLCLIB